000 00804nam a22002177a 4500
999 _c19905
_d19905
003 AR-CdUCM
008 190523b ||||| |||| 00| 0 spa d
020 _a9972-47-043-1
040 _aMUNICIPALIDAD PROVINCIAL DEL CUSCO
_cBIBLIOTECA MUNICIPAL DEL CUSCO
082 _a305.4 /
_bH41
100 _aHeras, Carmen
_941614
245 _aMujeres y medio ambiente /
260 _aLima :
_bIntermediate Technology Development Group,
_c1999.
300 _a85 páginas ;
_bIlustraciones,
_c25 cm.
505 _aContenido: Panorámica ambiental de América Latina -- Las mujeres como gestoras de recursos -- Mujer y medio ambiente...
650 _aMujeres y el medio ambiente
_941615
650 _aProtección ambiental
_922672
650 _aMujeres
_93760
942 _2ddc
_cLIBROS
945 _adavv
_d2019-05-23